Vista normal Vista MARC

Entrada Genre/Form Term

Número de registros utilizados en: 6

001 - CONTROL NUMBER

  • control field: 62990

003 - CONTROL NUMBER IDENTIFIER

  • control field: OSt

005 - DATE AND TIME OF LATEST TRANSACTION

  • control field: 20250821210149.0

008 - FIXED-LENGTH DATA ELEMENTS

  • fixed length control field: 250821|| aca||aabn | a|a d

040 ## - CATALOGING SOURCE

  • Original cataloging agency: OSt
  • Transcribing agency: OSt

155 ## - HEADING--GENRE/FORM TERM

  • Genre/form term: Ensayos, conferencias, etc

670 ## - SOURCE DATA FOUND

  • Source citation: Work cat.: (OSt)58347: Hitchens, Christopher 1949- aut 62985, Dios no existe :









Instituto Departamental de Cultura del Meta - Red Departamental de Bibliotecas Públicas del Meta.